Stany Zjednoczone czy Wielka Brytania? - Statystyki

Ogólne statystyki
  • Ten quiz został rozwiązany 14 649 razy
  • Średni wynik to 9 z 15
Statystyki odpowiedzi
Zagadnienie Odpowiedź % Poprawnych
Ma niebieski, czerwony i biały na fladze Oba
94%
Posiada prezydenta jako głowę całego państwa Stany Zjednoczone
94%
Ma wyższy wskaźnik morderstw Stany Zjednoczone
92%
Jest częścią NATO Oba
84%
Ma gęstsze zaludnienie Wielka Brytania
84%
Jest miejscem narodzin Daniela Radcliffe'a Wielka Brytania
76%
Ponad 10% mieszkańców jest z innego kraju Oba
67%
Więcej alkoholu spożywanego na osobę Wielka Brytania
64%
Ma wyższe PKB na mieszkańca Stany Zjednoczone
62%
Jajka w sklepach są przechowywane w lodówce Stany Zjednoczone
47%
Znaki drogowe mają wartości podane w milach Oba
42%
Banknoty mają różne rozmiary Wielka Brytania
41%
Sędziowie i prawnicy często noszą peruki w sądzie Wielka Brytania
36%
Ponad 20% mieszkańców jest otyłych Oba
27%
Ma wyższą średnią szerokość geograficzną Wielka Brytania
23%
Nie znaleziono quizów pasujących do podanych kryteriów
Rozkład punktacji
Procent ludzi z każdym wynikiem
Percentyl według liczby udzielonych odpowiedzi
Twoja historia wyników
Nie rozwiązałeś tego quizu